Flower arranging (Record no. 29687)

MARC details
000 -LEADER
fixed length control field 00289nam a2200121Ia 4500
082 ## - DEWEY DECIMAL CLASSIFICATION NUMBER
Classification number 635.912:745.9
Item number ROG
100 ## - MAIN ENTRY--AUTHOR NAME
Personal name Joyce
245 #0 - TITLE STATEMENT
Title Flower arranging
260 ## - PUBLICATION, DISTRIBUTION, ETC. (IMPRINT)
Place of publication London
Name of publisher Hamlyn
Year of publication 1975
650 ## - SUBJECT ADDED ENTRY--TOPICAL TERM
Topical Term Flower arrangement
942 ## - ADDED ENTRY ELEMENTS (KOHA)
Koha item type Books
Holdings
Withdrawn status Lost status Damaged status Not for loan Home library Current library Date acquired Full call number Accession Number Koha item type
        RRII Library RRII Library 16/12/2021 635.912:745.9 ROG 10270 Books